000 00344nam a2200133Ia 4500
008 240624s9999 xx 000 0 und d
041 _aeng
082 _a658.827 OLI
100 _aOLINS WALLY
245 _aBRAND NEW THE SHAPE OF BRANDS TO COME
260 _c2014
_aNew York
_bThames & Hudson Inc.
300 _a200 p.; 23 cm.
365 _c
_b38
999 _c29005
_d29005